000 00494cam a2200205 4500
001 D9901
008 090401t1980 xxu||||| |||| 00| 0 eng d
035 _a(Sirsi) u23209
041 _aeng
050 _a692.5
100 _aWillis, Arthur J
245 _aPractice and procedure for the quantity surveyor
250 _a8th
260 _aSt Albans
_bGranada
_c1980
300 _axii. 239p. 23cm
350 _a6.95
700 _aWillis, Christopher J
942 _n0
948 _c04/03/1997
999 _c88351
_d88351